Statystyki dla Nazwy producentów/wydawców gier

Kliknij tutaj aby rozwiązać quiz!

Ogólne statystyki

  • Ten quiz został rozwiązany 24 razy
  • Średni wynik to 10 z 17

Statystyki odpowiedzi

GraProducent% Poprawnych
FIFAEA
100%
Grand Theft AutoRockstar
90%
MinecraftMojang
86%
Red Dead RedemptionRockstar
86%
CS:GOValve
86%
League of LegendsRiot Games
76%
Assasin's CreedUbisoft
76%
FortniteEpic Games
71%
Far CryUbisoft
71%
WiedźminCD projekt Red
67%
Cyberpunk 2077CD projekt Red
67%
Clash RoyaleSupercell
43%
The last of usNaughty Dog
29%
UnchartedNaughty Dog
29%
Metin 2Gameforge
10%
Farming SimulatorGiants Software
10%
The ForestEndnight Games
5%

Rozkład punktacji

Percentyl według liczby udzielonych odpowiedzi

Procent ludzi z każdym wynikiem

Twoja historia wyników

Nie rozwiązałeś tego quizu